Statistics for Star Wars Quotes

Click here to take the quiz!

General Stats

  • This quiz has been taken 14 times
  • The average score is 8 of 15

Answer Stats

HintAnswer% Correct
"No. I am your father."Darth Vader
100%
"Help me, Obi-Wan-Kenobi. You're my only hope."Princess Leia
100%
"Do. Or do not. There is no try."Yoda
100%
"Traveling through time ain't like dusting crops, farm boy."Han Solo
80%
"So this is how liberty dies. With thunderous applause."Padmé Amidala
60%
"There's always a bigger fish."Qui-Gon-Jinn
60%
"Someday I will be the most powerful Jedi ever."Anakin Skywalker
50%
"Mesa called ___ ___ _____, mesa your humble servant!"Jar Jar Binks
50%
“Here goes nothing.”Lando Calrissian
50%
“He’s no good to me dead.”Boba Fett
40%
“I’m just a simple man trying to make my way in the universe.”Jango Fett
40%
“You can’t stop change any more than you can stop the suns from setting.”Shmi Skywalker
30%
"I am no Jedi"Ahsoka Tano
20%
"Oh, my dear friend. How I've missed you."C-3PO
20%
“I’m one with the Force. The Force is with me.”Chirrut Îmwe
20%

Score Distribution

Percentile by Number Answered

Percent of People with Each Score

Your Score History

You have not taken this quiz